Gminy Powiatu Czarnkowsko-Trzcianeckiego - Statystyki

Ogólne statystyki
  • Ten quiz został rozwiązany 59 razy
  • Średni wynik to 6 z 8
Statystyki odpowiedzi
Typ gminy odpowiedź % Poprawnych
miejska Czarnków
97%
wiejska Czarnków
97%
miejsko-wiejska Trzcianka
97%
miejsko-wiejska Wieleń
82%
miejsko-wiejska Krzyż Wielkopolski
76%
wiejska Lubasz
68%
wiejska Połajewo
63%
wiejska Drawsko
55%
Nie znaleziono quizów pasujących do podanych kryteriów
Rozkład punktacji
Procent ludzi z każdym wynikiem
Percentyl według liczby udzielonych odpowiedzi
Twoja historia wyników
Nie rozwiązałeś tego quizu